000 00295nam a2200121 a 4500
005 20140414132114.0
008 110823s19uu xx 00 eng d
050 _aER
_bS438 2001
100 _aJay, Lorraine
245 _aSea turtle.
260 _aChina :
_bStudio mouse,
_c2001.
999 _c114862
_d114862